People by Images - 'M' - Statistics

General Stats
  • This quiz has been taken 78 times
  • The average score is 8 of 16
Answer Stats
Picture Hint Answer % Correct
Lawyer/Politician Mahatma Gandhi
96%
Physicist Marie Curie
96%
Politician Margaret Thatcher
90%
Queen Mary
89%
Actress Meryl Streep
86%
Businessman Mark Zuckerberg
85%
Priest Martin Luther
78%
Explorer Marco Polo
58%
Tennis Player Maria Sharapova
58%
Novelist Mary Shelley
51%
Race Driver Max Verstappen
44%
President Moon Jae-in
8%
Author Mario Puzo
3%
Publisher Malcolm Forbes
1%
Writer Maxim Gorky
1%
Pilot/Engineer Marina Popovich
0%
No matching quizzes found
Score Distribution
Percent of People with Each Score
Percentile by Number Answered
Your Score History
You have not taken this quiz